000 00593nam a2200205 i 4500
001 13812
003 ES-MaACL
005 20231204173107.0
007 t|
008 980708s1957 ag |||| | spa d
080 _a821.134.2-14"19"
100 1 _aGuillén, Jorge,
_d1893-1984
_960765
245 1 0 _aClamor
_b; Maremágnum /
_cJorge Guillén.
260 _aBuenos Aires :
_bEditorial Sudamericana,
_c1957.
300 _a197, [8] p. ;
_c21 cm.
500 _aTít. de la cubierta: Maremágnum.
740 0 2 _aMaremágnum.
852 _aES-MaACL
_jL-21133
999 _c13812
_d13812